[Event "SVK-ch U12"]
[Site "Tatralandia"]
[Date "2024.04.08"]
[Round "5"]
[White "Abdou, Fransis Thomas"]
[Black "Obtulovic, Simon"]
[Result "0-1"]
[WhiteElo "1000"]
[BlackElo "1000"]
[PlyCount "30"]
[EventDate "2024.04.05"]
[EventType "swiss"]
[EventRounds "9"]
[EventCountry "SVK"]
[SourceTitle "CB16_2024"]
[SourceDate "2024.04.17"]
[SourceVersion "1"]
[SourceVersionDate "2024.04.17"]
[SourceQuality "1"]

1. e4 e5 2. d3 Nc6 3. g3 Bc5 4. Bg2 Nf6 5. Nf3 0-0 6. 0-0 d6 7. c3 Bg4 8. Qe1 Qd7 9. Ng5 h6 10. h3 hxg5 11. hxg4 Qxg4 12. Nd2 Qh5 13. Nb3 Ng4 14. Bh3 Qxh3 15. Nxc5 Qh2# 0-1

[Event "SVK-ch U12"]
[Site "Tatralandia"]
[Date "2024.04.07"]
[Round "3"]
[White "Viglasky, Viliam"]
[Black "Obtulovic, Simon"]
[Result "1-0"]
[WhiteElo "1000"]
[BlackElo "1000"]
[PlyCount "33"]
[EventDate "2024.04.05"]
[EventType "swiss"]
[EventRounds "9"]
[EventCountry "SVK"]
[SourceTitle "CB16_2024"]
[SourceDate "2024.04.17"]
[SourceVersion "1"]
[SourceVersionDate "2024.04.17"]
[SourceQuality "1"]

1. e4 e5 2. Nf3 Nc6 3. Nc3 Nf6 4. Bc4 Bc5 5. Ng5 0-0 6. 0-0 h6 7. d3 hxg5 8. Bxg5 d6 9. Nd5 Be6 10. Nxf6+ gxf6 11. Bh6 Bd7 12. Qf3 Kh7 13. Qh5 Qe8 14. Bxf8+ Kg8 15. Bh6 Ne7 16. Rae1 Ng6 17. Qxg6+ 1-0